000
00384nam a2200181Ia 4500
008
240830s1901 xx 000 0 und d
041
_a
eng
082
_a
891.2
100
_a
S.K. DEVDHAR
245
_a
ATHRVED PART - 4
250
_a
1 ST
260
_b
N.D.
_c
1901
300
_a
85p
440
_v
IV
650
_a
SANSKRIT SAMHITA
906
_a
N.D.
999
_c
1192938
_d
1192938